000 00380nam a2200157Ia 4500
003 OSt
005 20240213165430.0
008 170524s9999 xx 000 0 und d
020 _a978-0765620354
040 _cIIMT UNIVERSITY
100 _aBEACH LEE
100 _c2007
245 0 _aHUMAN ELEMENTS UNDERSTANDING AND MANAGING EMPLOYEE BEHV.
260 _aP.H.I
942 _2ddc
_c02
999 _c2876
_d2876